| 000 | 01944nam0a2200337 4500 | ||
|---|---|---|---|
| 001 | RU\NLR\bibl\46227 | ||
| 005 | 20260407044022.0 | ||
| 021 |
_aRU _b98-42610 _92046 |
||
| 035 | _a(NLR Aleph) 000045082 | ||
| 090 |
_a238359 _c238359 |
||
| 100 | _a19990907d1998 |||y0rusy50 ca | ||
| 101 | 1 |
_arus _ceng |
|
| 102 | _aRU | ||
| 105 | _ay ||||||||| | ||
| 200 | 1 |
_aНачинайте действовать, чтобы остановить диоксиновое загрязнение _eСтратегия, рекоменд. III гражд. конф. по диоксинам _f[Науч. ред.-д.х.н. Б.А. Руденко _gПер. с англ. - к.б.н. Е.Ю. Марков] |
|
| 210 |
_aИркутск _cБайкал. Экол. Волна _d1998 |
||
| 215 |
_a184 с. _d20 |
||
| 300 | _aЗагл. ориг.: Taking action to stop dioxin exposure: Strategy recommendations from the 3rd Citizens' conf. on dioxin a. other synthetic hormone disruptors | ||
| 320 | _aБиблиогр.: с.10, 168-169 | ||
| 454 | 0 |
_12001#$aTaking action to stop dioxin exposure$eStrategy recommendations from the 3rd Citizens' conf. on dioxin a. other synthetic hormone disruptors _tTaking action to stop dioxin exposure |
|
| 606 | 0 |
_aОкружающая среда _xЗагрязнение диоксинами _xСанитарно-просветительная работа _92109846 _3RU\NLR\auth\661275192 |
|
| 686 | _aР121.102.6 | ||
| 686 | _aР11(2)592.1 | ||
| 702 | 1 |
_4340 _8rus _7ca _aРуденко _bБ. А. _cд-р хим. наук _f1932- _gБорис Антонович _3RU\NLR\auth\7737390 _920379 |
|
| 711 | 1 | 2 |
_4070 _a"Время действовать", гражданская конференция по диоксинам _d3 _f1996 _eБатон Руж, США _3RU\NLR\AUTH\8810016553 _9530967 |
| 801 | 0 |
_aRU _bNLR _c19990907 _gPSBO |
|
| 801 | 1 |
_aRU _bNLR _c19990907 |
|
| 852 |
_aNLR _j99-3/10135 |
||
| 942 | _cBOOK | ||
| 980 | _aNB | ||